| 000 | 02060nam0a2200421 4500 | ||
|---|---|---|---|
| 001 | RU\NLR\bibl\1055914 | ||
| 005 | 20260407083106.0 | ||
| 010 | _a5-7995-0371-6 | ||
| 021 |
_aRU _b2007-2915 _9141 |
||
| 035 | _a(nilc)RSL-KNO-003031560 | ||
| 035 | _a(NLR Aleph) 001043205 | ||
| 090 |
_a831785 _c831785 |
||
| 100 | _a20070213d2006 |||y0rusy50 ca | ||
| 101 | 0 | _arus | |
| 102 | _aRU | ||
| 105 | _ay zzzz||||| | ||
| 106 | _ar | ||
| 200 | 1 |
_aДинамика электорального поведения населения Тверской области: опыт социологического анализа _eмонография _f[Майкова Э.Ю., В.А. Миронов, М.В. Блохина и др.] _gФедер. агентство по образованию, Твер. гос. техн. ун-т |
|
| 205 | _aИзд. 1-е | ||
| 210 |
_aТверь _cТГТУ _d2006 |
||
| 215 |
_a126 с. _cтабл. _d20 |
||
| 300 | _aАвт. указаны на обороте тит. л. в макете | ||
| 320 | _aБиблиогр.: с. 109-124 (298 назв.) | ||
| 606 | 1 |
_aЭлекторальное поведение _yТверская область _92464187 _3RU\NLR\auth\661463998 |
|
| 610 | 0 | _aСоциология -- Политические институты -- Государство, власть, политика | |
| 686 |
_aС556.511,0 _2rubbk |
||
| 686 | _aС550.511 | ||
| 701 | 1 |
_aМайкова _bЭ. Ю. _gЭлеонора Юрьевна _4070 |
|
| 701 | 1 |
_4070 _8rus _7ca _aМиронов _bВ. А. _cд-р техн. наук _f1939- _gВячеслав Александрович _3RU\NLR\auth\774782 _9114757 |
|
| 701 | 1 |
_aБлохина _bМ. В. _gМарина Валерьевна _4070 |
|
| 712 | 0 | 2 |
_4570 _aТверской государственный технический университет _3RU\NLR\AUTH\889303 _9291090 |
| 801 | 0 |
_aRU _bРКП _c20070213 _grcr |
|
| 801 | 1 |
_aRU _bРГБ _c20070213 |
|
| 801 | 2 |
_aRU _bNLR _c20070309 _grcr |
|
| 830 | _aавт. по кат. | ||
| 942 | _cBOOK | ||
| 980 | _aNB | ||
| 980 | _aNBR | ||